000 00753nam a2200253Ia 4500
003 GCL
008 140319s9999 xx 000 0 ara d
040 _aGCL /
_cGCL
082 0 4 _a028.7
_bا م
100 1 _aالسيد شلبى
245 1 0 _aمن حلو الكلام فى المرأة /
_cالسيد شلبى
300 _a159 ص
490 _aالهيئة العامة للاستعلامات
_v0
650 0 4 _aالادب العربى
650 0 4 _aالقصص العربية
650 0 4 _aدوائر المعارف
650 0 4 _aالمرأة
650 0 4 _aالاهاجى والفكاهات
650 0 4 _aالقصة العربية
650 0 4 _aالثقافة
650 0 4 _aالمعرفة
650 0 4 _aالنوادر
942 _2ddc
_cBK
999 _c42257
_d42257